At 1600 pennsylvania avenue / (Record no. 2069)

MARC details
000 -LEADER
fixed length control field 00968nam a22002657a 4500
005 - DATE AND TIME OF LATEST TRANSACTION
control field 20231103101119.0
020 ## - INTERNATIONAL STANDARD BOOK NUMBER
International Standard Book Number 9780439351089
040 ## - CATALOGING SOURCE
Original cataloging agency FISKH
Language of cataloging eng
Transcribing agency FISKH
Modifying agency FISKH
050 ## - LIBRARY OF CONGRESS CALL NUMBER
Classification number F204.W5
082 ## - DEWEY DECIMAL CLASSIFICATION NUMBER
Classification number 975.3
100 ## - MAIN ENTRY--PERSONAL NAME
Personal name Wirth, Crystal
245 ## - TITLE STATEMENT
Title At 1600 pennsylvania avenue /
Statement of responsibility, etc. by Crystal Wirth illustrated by Jared Lee
260 ## - PUBLICATION, DISTRIBUTION, ETC.
Place of publication, distribution, etc. New York :
Name of publisher, distributor, etc. Scholastic,
Date of publication, distribution, etc. 2002
300 ## - PHYSICAL DESCRIPTION
Extent 16 pages :
Dimensions 21 cm
505 ## - FORMATTED CONTENTS NOTE
Formatted contents note K
520 ## - SUMMARY, ETC.
Summary, etc. This book is filled with facts about the White House and some of its most colorful inhabitants, including animals. Special rooms, special days, and very special parties are also described. Amusing illustrations and anecdotes about past occupants recount the remarkable history of the White House for young readers
521 ## - TARGET AUDIENCE NOTE
Target audience note 590
Source Lexile
521 ## - TARGET AUDIENCE NOTE
Target audience note K
Source Raz-Plus
650 ## - SUBJECT ADDED ENTRY--TOPICAL TERM
Topical term or geographic name entry element Amerca
650 ## - SUBJECT ADDED ENTRY--TOPICAL TERM
Topical term or geographic name entry element President
650 ## - SUBJECT ADDED ENTRY--TOPICAL TERM
Topical term or geographic name entry element The White House
700 ## - ADDED ENTRY--PERSONAL NAME
Personal name Lee, Jared
Relator term Illustrator
942 ## - ADDED ENTRY ELEMENTS (KOHA)
Source of classification or shelving scheme Dewey Decimal Classification
Koha item type Books
Suppress in OPAC No
999 ## -
-- 2069
-- 2069
Holdings
Withdrawn status Lost status Source of classification or shelving scheme Damaged status Not for loan Collection Home library Current library Shelving location Date acquired Total Checkouts Full call number Barcode Date last seen Copy number Price effective from Koha item type
    Library of Congress Classification     Non-Fiction Footprints International School Library Network Toul Kork Campus Footprints International School Library Network Toul Kork Campus TK Primary Library Room(4th Floor), Bookcase 3&4, Shelves 17-32, Yellow Books 11/03/2023   WIR 975.3 F204.W5 FISTK02609 11/03/2023 1 11/03/2023 Books
    Library of Congress Classification     Non-Fiction Footprints International School Library Network Toul Tom Poung Campus Footprints International School Library Network Toul Tom Poung Campus TTP Primary Yellow Bookshelves 03/24/2026   WIR 975.3 F204.W5 FISBK01068 03/24/2026 2 03/24/2026 Books